| 000 | 00713nam a2200181Ia 4500 | ||
|---|---|---|---|
| 003 | GCL | ||
| 008 | 140319s9999 xx 000 0 ara d | ||
| 040 |
_aGCL / _cGCL |
||
| 082 | 0 | 4 |
_a410.52 _bا ز |
| 100 | 1 | _aابن الانبارى : ابوبكر محمد بن القاسم محمد بن بشار بن الحسن بن بيان | |
| 245 | 1 | 0 |
_aزينة الفضلاء فى الفرق بين الضاد والظاء / _cابن الانبارى : ابوبكر محمد بن القاسم محمد بن بشار بن الحسن بن بيان |
| 300 | _a132 ص | ||
| 490 |
_aكتاب _v0 |
||
| 650 | 0 | 4 | _aاللغة العربية |
| 650 | 0 | 4 | _aالنطق |
| 650 | 0 | 4 | _aالهجاء العربى |
| 942 |
_2ddc _cBK |
||
| 999 |
_c41754 _d41754 |
||